Name the 15 countries with R as their second letter - Statistics

General Stats
  • This quiz has been taken 78 times
  • The average score is 12 of 15
Answer Stats
Hint Answer % Correct
5 Croatia
97%
1 Argentina
91%
7 France
91%
3 Brazil
85%
8 Greece
85%
14 Trinidad and Tobago
85%
2 Armenia
83%
10 Iran
83%
11 Iraq
83%
15 Uruguay
78%
6 Eritrea
75%
12 Ireland
74%
13 Sri Lanka
71%
4 Brunei
66%
9 Grenada
66%
No matching quizzes found
Score Distribution
Percent of People with Each Score
Percentile by Number Answered
Your Score History
You have not taken this quiz